[Event "MK Cafe Cup-A"]
[Site "Koszalin"]
[Date "1999.08.13"]
[Round "10"]
[White "Pigusov, Evgeny"]
[Black "Prokopchuk, Evgeny"]
[Result "1/2-1/2"]
[WhiteElo "2609"]
[BlackElo "2470"]
[Annotator "Meulders,R"]
[PlyCount "83"]
[EventDate "1999.08.03"]
[EventType "swiss"]
[EventRounds "9"]
[EventCountry "POL"]
[SourceTitle "CBM 073"]
[Source "ChessBase"]
[SourceDate "1999.12.01"]
[SourceVersion "1"]
[SourceVersionDate "1999.12.01"]
[SourceQuality "1"]

1. c4 e5 2. Nc3 Nf6 3. Nf3 d6 4. g3 c6 5. Bg2 Nbd7 6. O-O Be7 7. d4 O-O 8. Qc2
Re8 9. Rd1 Qc7 10. Bd2 {Neu?! Der übliche Zug ist 10.h3 zur Vorbereitung von
Be3.} (10. h3 Bf8 (10... a6 11. e4 {'!' Ribli.} b5 12. c5 Bb7 13. cxd6 Bxd6 14.
dxe5 Nxe5 15. Nd4 b4 16. Na4 c5 17. Nf5 Bf8 18. f4 Ng6 19. e5 Bxg2 20. Qxg2 {
1-0 Baburin,A-Sutorikhin,V/Budapest 1991/TD (55)} (20. Qxg2 Nd7 21. Be3 Nb6 22.
Nxb6 Qxb6 23. Nd6 $16 {1-0 Baburin,A-Sutorikhin,V/Budapest 1991/TD (55)})) (
10... Nf8 11. Be3 Ne6 12. Rac1 exd4 13. Nxd4 Bf8 14. b4 Bd7 15. b5 Nc5 16. bxc6
bxc6 17. Bg5 Nh5 18. g4 h6 19. Be3 Nf6 20. Bf4 Rad8 21. Bg3 $14 {1/2-1/2
Levenfish,G-Capablanca,J/Moscow 1925/HCL (36)}) 11. Be3 $5 a6 (11... exd4 12.
Bxd4 Ne5 13. b3 Bd7 14. Kh2 Rad8 15. Nh4 Bc8 16. e4 g6 17. f4 {'+/=' Terentiev,
V-Sutorikhen,E URS-sf Voronez 1991 EXP/22.} Ned7 18. Rd2 {1-0 Terentiev,
V-Sutorikhin,J/Voronez 1991/CBM 22 ext (30)} (18. Rd2 Bg7 19. Rad1 $14 {
Terentiev,V-Sutorikhin,E URS-sf Voronez 1991 CBM/22})) 12. Rac1 g6 13. a3 Rb8
14. Nd2 $5 (14. b4 $5 b5 $5 (14... h6 15. c5 $1 $14 exd4 16. cxd6 Bxd6 17. Bxd4
Bf8 18. e4 $16 {1-0, Foigel,I-Khmelnitsky,I/Kherson 1989/CBM 16}) 15. c5 dxc5
16. dxc5 $14) 14... Bg7 15. dxe5 dxe5 16. c5 Nf8 17. Nc4 $14 {Foigel,
I-Vigorito/USA 1992/Inf 55 (17)}) (10. b3 $5 Bf8 (10... a6 11. Bb2 Bf8 12. Rac1
Qb8 13. Ng5 h6 14. Nge4 Nxe4 15. Nxe4 (15. Bxe4 $5) 15... f5 16. Nc3 e4 17. f3
exf3 18. exf3 $16 {1/2-1/2 Stangl,M-Lutz,C/Altensteig 1991/CBM 25 (32)}) (10...
Nf8 11. Bb2 Ng6 12. Rd2 Bd7 13. Rad1 Rad8 14. dxe5 Nxe5 15. Nxe5 dxe5 16. Ne4
Bc8 17. Nxf6+ Bxf6 18. Rxd8 Rxd8 19. Rxd8+ Qxd8 {1/2-1/2 Polovodin,I-Gulko,B/
Tallinn 1983/MCL (19)}) 11. Bb2 (11. e4 b5 12. c5 (12. dxe5 dxe5 13. Qe2 bxc4
14. Qxc4 Nc5 15. Qe2 Ba6 16. Qc2 Rad8 $36 {Lin Ta-Zapata,A Manila izt 1990 CBM/
19 Ribli: '>< d3'} (16... Rad8 {>< d3} 17. Ne1 Rxd1 18. Nxd1 Ne6 19. Bb2 Nd4
20. Bxd4 exd4 $15 {0-1 Lin Ta-Zapata,A/Manila 1990/CBM 19/ (41)})) 12... dxc5
13. dxe5 Ng4 14. h3 Ngxe5 15. Nxe5 Nxe5 16. f4 c4 17. fxe5 cxb3 18. Qxb3 Qxe5
19. Bf4 Qc5+ 20. Kh2 $16 {1/2-1/2 Schebler,G-Bronstein,D/Antwerp 1997/EXT 99 
(31)}) (11. e3 e4 12. Ne1 d5 13. cxd5 cxd5 14. Nxe4 Qxc2 15. Nxf6+ Nxf6 16.
Nxc2 Bf5 17. Ne1 Rac8 18. Bb2 $16 {1-0 Garcia Palermo,C-Granda Zuniga,J/
Cienfuegos 1986/MCL (46)}) (11. h3 h6 12. e4 b5 13. Be3 Bb7 14. a3 a5 15. cxb5
cxb5 16. Qd3 b4 17. Nb5 Qb8 18. d5 $14 {1-0 Pigusov,E-Epishin,V/Tallinn 1986/
EXT 99 (44)}) 11... exd4 (11... e4 12. Ne1 (12. Nh4 d5 13. cxd5 cxd5 14. Rac1
Qc6 15. Qd2 Qa6 16. Bf1 Nb8 17. Ng2 Bd7 18. Nf4 Qd6 19. Nb1 Nc6 20. Ba3 Nb4 21.
Nc3 {1/2-1/2 Sideif Sade,F-Damljanovic,B/Baku 1986/EXT 97 (21)}) 12... d5 13.
cxd5 cxd5 14. Rac1 Qa5 15. Qd2 Qa6 16. Nc2 Nb8 17. Ne3 Be6 $14 {Gruen,
G-Cabrilo,G  Belgrade GMA op 1988 CBM/10}) 12. Rxd4 Ne5 13. Rad1 Ned7 14. Ng5
Nc5 15. Rh4 g6 16. Nd5 {1-0 Skembris,S-Moutousis,K/Poros 1998/EXT 99 (25)}) (
10. e4 b5 11. cxb5 cxb5 12. Qb3 Rb8 13. a3 Bf8 14. Be3 Qc4 15. Qxc4 (15. Nd2
Qxb3 16. Nxb3 b4 $13) 15... bxc4 16. Bf1 Rxb2 17. Bxc4 exd4 18. Bxd4 $14 {
1/2-1/2 Nogueiras,J-Remon,A/Santa Clara 1991/CBM 26/[Ribli] (61)}) (10. Rb1 Bf8
11. b4 exd4 12. Nxd4 Nb6 13. Qb3 Ng4 14. Ne4 Ne5 15. c5 $14 {Goldin-Ubilava
Sevastopol 1986 42/(71)}) (10. b4 Nf8 11. b5 Bg4 12. bxc6 bxc6 13. dxe5 dxe5
14. Ne4 Ng6 15. h3 Bd7 16. Bb2 Nxe4 17. Qxe4 f5 18. Qc2 Be6 19. Nd2 Rab8 $15 {
Abgebrochen. Der kranke Panov spielte nicht weiter. 1-0 Bondarevsky,I-Panov,V/
Leningrad 1939/HCL (40)}) 10... Bf8 11. Rac1 a6 12. h3 g6 13. e4 b5 14. cxb5
cxb5 15. Qb1 Qb8 16. Be3 {[%cal Gd7b6,Gb6c4]} Nb6 17. b3 $14 b4 18. Ne2 Bd7 {
[%cal Gd7b5]} 19. Nd2 $6 (19. dxe5 dxe5 20. g4 Bb5 21. Ng3 Nfd7 22. Bf1 Bxf1
23. Kxf1 Qb7 24. Kg1 $14) 19... Bb5 $11 20. Nc4 Nfd7 (20... Nxc4 21. bxc4 Ba4
22. Rf1 Bc6 23. d5 Bd7 24. g4 $14 (24. c5 $6 dxc5 25. Bxc5 Bxc5 26. Rxc5 Bb5
$15)) 21. Rd2 a5 22. Nxb6 Nxb6 23. g4 Be7 24. Ng3 $14 Bh4 25. Bf1 Bxf1 26. Nxf1
exd4 27. Rxd4 Nd7 28. Rcd1 Nc5 29. f3 Ra6 30. Rd5 $16 Ne6 31. Qb2 (31. Qd3 $5
$16) 31... Bd8 32. Kg2 Rc6 33. Nd2 Bb6 34. Bh6 Qd8 35. Nc4 $16 Qh4 36. Qd2 $6 (
36. Bc1 $1 $16) 36... Bf2 $5 37. Bf4 $2 {Vermutlich Zeitnot.} (37. Qxf2 $1 Qxh6
38. Rxd6 Nf4+ 39. Kg3 $1 Rxd6 40. Rxd6 Nxh3 41. Qh2 Qf4+ 42. Kg2 $1 $16 (42.
Kxh3 Qxf3+ 43. Qg3 (43. Kh4 $4 Rxe4 44. Ne5 Qf5 $1 $19))) 37... Be1 $1 38. Qe3
Nxf4+ (38... Qf2+ 39. Kh1 (39. Qxf2 $2 Nxf4+ 40. Kg3 Ne2+ $1 41. Kg2 Bxf2 42.
Rxd6 (42. Kxf2 Nc3 $17) 42... Rxc4 $1 43. bxc4 Bc5 $17) 39... Qf1+ 40. Kh2 $11)
39. Qxf4 Qf2+ 40. Kh1 Qf1+ 41. Kh2 Qf2+ 42. Kh1 1/2-1/2

[Event "EU-chT (Men) 13th"]
[Site "Leon"]
[Date "2001.11.14"]
[Round "8.3"]
[White "Bischoff, Klaus"]
[Black "Vokac, Marek"]
[Result "1-0"]
[WhiteElo "2541"]
[BlackElo "2529"]
[Annotator "Meulders,R"]
[PlyCount "99"]
[EventDate "2001.11.06"]
[EventType "team-swiss"]
[EventRounds "9"]
[EventCountry "ESP"]
[SourceTitle "CBM 086"]
[Source "ChessBase"]
[SourceDate "2002.02.05"]
[SourceVersion "1"]
[SourceVersionDate "2002.02.05"]
[SourceQuality "1"]
[WhiteTeam "Germany"]
[BlackTeam "Czech Republic"]
[WhiteTeamCountry "GER"]
[BlackTeamCountry "CZE"]

1. d4 {Ribli: 'King'} d6 2. c4 e5 3. Nf3 e4 4. Ng5 Nf6 5. Nc3 Bf5 6. g4 {
Dieser scharfer Zug gilt als die beste Chance.} (6. f3 exf3 7. exf3 Be7 8. Bd3
Bxd3 9. Qxd3 c6 10. O-O d5 $10 {Delemarre,J-Van der Wiel,J/Wijk op/1995/CBM46/
INF62,(62)/}) 6... Bxg4 7. Bg2 Nc6 8. Ngxe4 Nxe4 9. Nxe4 Be7 10. Ng3 {[%cal
Gg2b7] Auch dieser Rückzug is bekannt. Die ganze Variante gilt als vorteilhaft
für Weiss.} (10. O-O Qd7 11. Ng3 Bf6 12. d5 Ne7 13. a4 Ng6 14. Ra3 O-O-O 15. a5
$36 {Nikolic,P-Benjamin,J/Horgen CS/1994/CBM43/INF61,73/}) 10... Bf6 (10... O-O
11. h3 Bd7 12. e4 Bh4 13. Be3 Qe7 14. O-O {1/2-1/2 Piskov,Y-Mokry,K/Belgrade
1988/TD (14)}) 11. h3 (11. Be3 O-O 12. Qd2 Rb8 13. h3 Bd7 14. Nh5 Bh4 15. Rg1
g6 16. O-O-O $5 Kh8 17. Nf4 Ne7 18. Be4 $1 Nf5 19. Bxf5 $1 $14 {1-0 Piket,
J-Van der Wiel,J/NED 1995/CBM 48/[Ribli] (44)}) 11... Bd7 12. e3 {Führt zu
ruhigerem Spiel als in Piket-Van der Wiel} g6 13. Bd2 Qe7 {/\Nxd4} 14. O-O Bg7
15. b4 O-O 16. b5 Nd8 17. Kh2 a6 {So tauscht Schwarz in wenigen Zügen einen
Turm, aber bald wird es ihn reuen, dass er die a-Linie geöffnet und seinen
Damenflügel geschwächt hat. Eine Alternative besteht in:} (17... h5 18. Qf3 h4
19. Ne2 Re8 20. Nf4 c6 21. a4 Ne6 22. Nxe6 Bxe6 23. Rfc1 Rac8 {und Weiss steht
nur ein wenig besser.}) 18. a4 axb5 19. axb5 Rxa1 20. Qxa1 c5 21. bxc6 {
[%csl Re7]} Bxc6 (21... bxc6) 22. Qa5 f5 (22... Bxg2 23. Kxg2 f5 (23... h5 24.
Qd5 Nc6 25. Ne4 Rd8 26. Ra1 {Und Weiss hat die Stellung völlig im Griff}) 24.
Qd5+ Kh8 25. Bb4 Nf7 26. Ra1 b6 27. Ra6 Qc7 28. Ne2 Rc8 29. Ra8 $18) 23. d5 Be8
24. f4 $5 {So wird zwar Pe3 rückständig, aber Schwarz wir auch jedes
Gegenspiel genommen.} g5 25. Bc3 (25. fxg5 $1 Qxg5 26. e4 f4 27. Nf5 Bf6 28.
Bf3 $18) 25... Bxc3 26. Qxc3 Bg6 {[%csl Rg6]} 27. Rb1 Nf7 28. Rb3 Re8 29. Qb2
gxf4 30. exf4 Nd8 31. Qf2 Nf7 32. Qb2 Nd8 33. Qf2 Nf7 34. Kg1 Rc8 {Am besten
wäre es hier die Damen zu tauschen. Nach} (34... Qe1+ 35. Qxe1 Rxe1+ 36. Kf2
Re7 37. h4 Nh6 38. h5 Be8 39. Bh3 Rc7 {hat Schwarz ein gewisses Gegenspiel.})
35. Bf1 Rc7 36. Re3 Qf6 37. Re6 Qa1 38. Re1 Qf6 39. Re6 Qa1 40. Re1 {Zum
zweiten mal in dieser Partie gewinnt Weiß Zeit durch Zugwiederholung.} Qf6 41.
Re8+ Kg7 42. Re6 Qa1 43. Kh2 Kf8 44. Qb6 $18 {Die weißen Figuren stehen
optimal, die schwarzen extrem passiv. Die Entscheidung ist schon gefallen.} Rd7
45. Be2 Qa3 46. h4 $1 Nd8 47. Qd4 $1 Nxe6 48. dxe6 Rg7 49. Qf6+ Bf7 50. Nxf5
1-0

[Event "RUS-ch KO"]
[Site "Moscow"]
[Date "1999.12.16"]
[Round "1.3"]
[White "Berdichevski, Igor"]
[Black "Akhmetov, Artiom"]
[Result "0-1"]
[WhiteElo "2538"]
[BlackElo "2438"]
[Annotator "Meulders,R"]
[PlyCount "102"]
[EventDate "1999.12.04"]
[EventType "k.o."]
[EventRounds "6"]
[EventCountry "RUS"]
[SourceTitle "CBM 075"]
[Source "ChessBase"]
[SourceDate "2000.04.05"]
[SourceVersion "1"]
[SourceVersionDate "2000.04.05"]
[SourceQuality "1"]

1. d4 d6 2. c4 e5 3. Nf3 Nd7 4. Nc3 Ngf6 5. e3 {Ein sehr ungewohnter Zug. Viel
mehr gespielt wird 5.g3, aber 5.e4 ist bei weitem am populärsten. Der Textzug
ist ziemlich passiv und lädt Schwarz eigentlich ein, irgendwann selbst einen
Bauer auf e4 zu postieren.} Be7 6. Qc2 c6 7. Be2 O-O 8. O-O Re8 9. b3 Bf8 10.
Bb2 e4 $5 {Merkwürdigerweise habe ich mit diesem doch nicht unlogischen Zug
kein einziges anständiges Beispiel finden können.} 11. Nd2 Qe7 12. a4 a5 {
[%csl Gb4][%cal Rd7b8,Rb8a6,Ra6b4]} 13. Rae1 Nb8 $1 14. f3 exf3 15. Bxf3 Na6
16. Ba3 {M.E steht der Läufer hier nicht gut. In einigen Varianten spielt es
eine Rolle, dass er ungedeckt ist.} (16. Nde4 Nb4 17. Nxf6+ Qxf6 18. Qd2 $14)
16... Qc7 17. Kh1 (17. Nce4) 17... Ng4 {[%csl Re3,Rh2] /\...Nxh2,...d5+ (-->Ba3
} 18. Bxg4 $8 Bxg4 19. Qd3 (19. Nde4 h6 20. Qf2 $14) 19... Bh5 {[%cal Rh5g6,
Rg6d3]} 20. d5 Bg6 21. e4 Qb6 $1 22. Qe3 $6 {M.E. ein Beurteilungsfehler. Ohne
Damen werden die schwarzen Läufer noch stärker.} (22. Ne2 $1 {[%cal Re2f4,
Re2d4,Rd4f5]} Nc5 23. Qd4 Be7 24. Qf2 (24. Nf4 Nxa4 $1) 24... Bg5 25. Nf4 Bxf4
26. Bxc5 Qxc5 27. Qxf4 $14) 22... Qxe3 23. Rxe3 Rac8 {[%csl Gc2][%cal Rc8c2]}
24. Rfe1 f5 $6 25. h3 $6 (25. exf5 Rxe3 26. Rxe3 Bxf5 27. Nf3 $14) 25... Nb4 $1
{[%csl Ra3,Re1,Re3][%cal Rb4c2]} 26. Bxb4 axb4 27. Ne2 $2 (27. Na2 f4 (27...
fxe4 28. Nxb4 Re5 29. a5 $14) 28. R3e2 c5 29. Nc1 Be7 30. e5 (30. Nf3 Bf6 31.
e5 dxe5 32. Nxe5 Bh5 33. Ng4 Bd4 34. Rxe8+ Rxe8 35. Rxe8+ Bxe8 36. Nd3 h5 37.
Nge5 Kf8 38. d6 $18) 30... Bh4 31. exd6 Bxe1 32. d7 Bxd2 33. dxc8=Q Rxc8 34.
Rxd2 $14) 27... cxd5 $1 {Profitiert natürlich sofort vom ungedeckten Re3, so
dass Weiss mit dem c-Bauern zurückschlagen muss.} 28. cxd5 Rc2 $15 29. Nc4 Rxe4
30. Rxe4 fxe4 31. Nf4 {Vermutlich gab es hier Zeitnot, weil ab jetzt - wie
beim Tennis - beide Spieler den Service übernehmen.} Bf5 32. g4 $2 (32. Ne3 Rf2
33. Nxf5 Rxf4 34. Nd4 e3 35. Nc2 Rf2 36. Nxb4 Rd2 37. Rxe3 Rd4 38. Nd3 Rxd5 39.
g3 $11) 32... Bd7 $2 (32... Rf2 $1 $15) 33. Rxe4 Rc3 34. Re3 $2 (34. Nb6 $1 $18
) 34... b5 $15 35. axb5 Bxb5 36. Rxc3 bxc3 37. Kg2 Be7 $2 (37... c2 $1 38. Ne2
Be7 39. Kf3 Bxc4 40. bxc4 Bg5 $19) 38. Na3 Ba6 39. Kf3 Bf6 40. b4 g5 41. b5 $2
(41. Ne2 $1 $15) 41... Bb7 $17 {Endlich bekommt eine Seite entscheidenden
Vorteil} (41... Bxb5 42. Nxb5 gxf4 43. Na3 Be5 $19) 42. Nh5 (42. Ne2 Bxd5+ 43.
Ke3 Bg2 $17) 42... Bxd5+ 43. Ke3 Be5 $19 44. Kd3 Bf7 (44... Bg2) 45. b6 d5 46.
b7 Bg6+ 47. Ke2 Kf7 48. Kd1 d4 49. Nc2 d3 50. Nd4 c2+ 51. Kd2 Be4 {Ein
herrliches Bild: totale Dominanz der Läufer! Trotz der vielen Fehler eine
interessante Partie die gut illustriert, dass Altindisch auch sehr
inhaltsreich ist.} 0-1

[Event "UKR-ch"]
[Site "Ordzhonikidze"]
[Date "2001.09.12"]
[Round "5"]
[White "Romanishin, Oleg M"]
[Black "Malaniuk, Vladimir P"]
[Result "1/2-1/2"]
[WhiteElo "2579"]
[BlackElo "2516"]
[Annotator "Meulders,R"]
[PlyCount "43"]
[EventDate "2001.09.08"]
[EventType "swiss"]
[EventRounds "9"]
[EventCountry "UKR"]
[SourceTitle "CBM 086"]
[Source "ChessBase"]
[SourceDate "2002.02.05"]
[SourceVersion "1"]
[SourceVersionDate "2002.02.05"]
[SourceQuality "1"]

1. d4 Nf6 2. Nf3 c6 3. c4 d6 4. g3 Nbd7 5. Bg2 e5 6. Nc3 Be7 7. O-O O-O 8. Qc2
Re8 9. Bd2 $146 {Meistens wird hier Rd1 oder b3 gespielt. Der B nimmt dem Nf3
ein natürliches Rückzugsfeld.} Bf8 10. Rac1 a6 11. b3 {Sieht merkwürdig aus in
Kombination mit Bd2. Erneut verhält Weiss sich abwartend und wenig aktiv.} (11.
Rfd1 Qc7 12. d5 Rb8 13. b4 $14) (11. d5 c5 12. Ng5 h6 13. Nge4 Nxe4 14. Nxe4 f5
15. Nc3 Nf6 16. Bh3 e4 $11) 11... h6 (11... e4 $5 12. Ng5 d5 13. cxd5 cxd5 14.
Nh3 Qb6 15. Be3 Ba3 16. Rce1 Qc6 {/\...b5 und Schwarz steht ausgezeichnet.})
12. h3 {Schon wieder passiv. Weiss ist offensichtlich mit gleichem Spiel
zufrieden.} (12. d5) 12... e4 13. Nh2 Qe7 14. Rfd1 b5 15. Nf1 Nb6 16. c5 dxc5
17. dxc5 Nbd5 18. Ne3 Nxe3 19. Bxe3 Bf5 20. b4 a5 21. a3 Qe6 22. g4 (22. g4 Bg6
$11) 1/2-1/2

[Event "Bundesliga 0304"]
[Site "Germany"]
[Date "2003.12.14"]
[Round "6.1"]
[White "Nikolic, Predrag"]
[Black "Hickl, Joerg"]
[Result "1-0"]
[WhiteElo "2647"]
[BlackElo "2562"]
[Annotator "Meulders,R"]
[PlyCount "77"]
[EventDate "2003.11.01"]
[EventType "team-tourn"]
[EventRounds "15"]
[EventCountry "GER"]
[SourceTitle "CBM 099"]
[Source "ChessBase"]
[SourceDate "2004.03.30"]
[SourceVersion "1"]
[SourceVersionDate "2004.03.30"]
[SourceQuality "1"]
[WhiteTeam "Solingen"]
[BlackTeam "Hofheim"]
[WhiteTeamCountry "GER"]
[BlackTeamCountry "GER"]

1. d4 d6 2. Nf3 Nf6 3. g3 Nbd7 4. Bg2 e5 5. c4 c6 6. Nc3 Be7 7. O-O O-O 8. Qc2
Re8 9. Rd1 Qc7 10. b3 Bf8 11. Bb2 b6 (11... e4 12. Nh4 (12. Ne1 d5 13. cxd5
cxd5 14. Rac1 $11 {0-1 Gruen,P-Cabrilo,G/Belgrade 1988 (37)}) (12. Nd2 d5 13.
Rac1 Qa5 14. e3 b5 15. cxb5 cxb5 16. a4 b4 17. Nb5 Rb8 18. Qc7 $14 {1/2-1/2
Spraggett,K-Day,L/Canada 1994 (23)}) 12... d5 13. cxd5 cxd5 14. Rac1 Qc6 15.
Qd2 Qa6 16. Bf1 Nb8 17. Ng2 Bd7 18. Nf4 Qd6 19. Nb1 Nc6 20. Ba3 Nb4 21. Nc3 {
1/2-1/2 Sideif Sade,F-Damljanovic,B/Baku 1986 (21)}) (11... a6 12. dxe5 dxe5
13. Ne4 Nxe4 14. Qxe4 f6 $14 {1/2-1/2 Bagirov,V-Shabalov,A/London 1991 (20)}) (
11... g6 12. e3 Rb8 13. a4 a5 14. Rd2 Ra8 15. Rc1 exd4 16. Nxd4 Qb6 17. h3 Nc5
18. Kh2 Bd7 19. e4 $14 {0-1 Conquest,S-Hodgson,J/Forli 1992 (56)}) (11... Qa5
12. d5 c5 13. a3 Qd8 14. e4 g6 15. b4 a6 16. Nd2 b6 17. Na4 $14 {1-0 Lehmann,
Z-Mozes,E/Hungary 1993 (40)}) 12. Rac1 Bb7 13. e3 a6 {Die Formation
a6-b6-c6-d6 sieht wie eine Reihe Kegel aus und Weiß wirft eine Kugel hinein.}
14. c5 $1 exd4 15. cxd6 Bxd6 16. Nxd4 $14 {[%csl Rb7] Weiß steht aktiver und
hat mehr Raum.} Be5 17. Nf5 c5 18. f4 $1 Bxc3 19. Qxc3 Bxg2 20. Kxg2 Re6 (20...
Rad8) 21. Kg1 h5 22. Rd3 Nf8 23. e4 $1 Qb7 (23... Rxe4 $2 24. Nxg7 $18) 24. e5
Nd5 25. Qc4 Nb4 26. Nd6 Qa7 27. Rd2 Nxa2 {Während er am Damenflügel einen
Bauer gewinnt, wird Schwarz bald am Königsflügel aufgerollt.} 28. Rf1 b5 29.
Qe4 Nb4 30. f5 Rh6 31. Re2 $6 (31. e6 $1 fxe6 32. fxe6 $18 Nxe6 33. Nf5 Rg6 34.
Nxg7 $18) 31... Rd8 32. e6 (32. f6 g6 33. Bc1 Rh7 34. Ref2 Qa8 35. Qe3 Ne6)
32... Nxe6 (32... Rxd6 $4 33. e7 $18) 33. Nxf7 c4+ 34. Rff2 Qxf7 (34... Rd1+
35. Kg2 Nf4+ 36. Qxf4 Kxf7 37. Qg5 $18) 35. fxe6 Qg6 36. e7 Re8 37. Rf8+ Rxf8
38. exf8=Q+ Kxf8 39. Qa8+ 1-0

[Event "Wch Seniors 50 28th"]
[Site "Bled"]
[Date "2018.11.21"]
[Round "4"]
[White "Bagaturov, Giorgi"]
[Black "Danielsen, Henrik"]
[Result "1-0"]
[WhiteElo "2417"]
[BlackElo "2504"]
[Annotator "Mikhalchishin,A"]
[PlyCount "57"]
[EventDate "2018.11.18"]
[EventType "swiss"]
[EventRounds "11"]
[EventCountry "SLO"]
[SourceTitle "CBM 187 Extra"]
[Source "ChessBase"]
[SourceDate "2018.11.04"]
[SourceVersion "1"]
[SourceVersionDate "2018.11.04"]
[SourceQuality "1"]

1. d4 d6 2. Nf3 Nf6 3. c4 Nbd7 4. g3 e5 5. Bg2 Be7 6. O-O O-O 7. Nc3 c6 8. Qc2
{useful move to stop eventual e5-e4.} Qc7 9. b3 b6 10. Bb2 Bb7 11. Rac1 a6 12.
Rfd1 Rfe8 (12... b5 13. cxb5 cxb5 14. Nd5 Nxd5 15. Qxc7 Nxc7 16. Rxc7 Bc8 17.
Nxe5) 13. e4 Rac8 {[#] Black is quite passve and not better is} (13... Bf8 14.
b4 exd4 15. Nxd4 c5 16. Nd5 Qd8 17. bxc5 bxc5 18. Nf5 Bxd5 19. cxd5 g6 20. Ne3
Bg7 21. Re1 Rb8 22. Bc3 Nh5 23. Bxg7 Kxg7 24. f4 Qf6 25. Nc4 {with better
chances, Borovikov,V (2587)-Vandrey,W (2302) Pardubice 2004}) 14. c5 $1 {
Great ,but typical move with the idea to destroy opponents center} b5 ({
Accepting of pawn sacrifice leads to very passive structure fulll of
weaknesses.} 14... bxc5 15. dxe5 Nxe5 16. Nxe5 dxe5 17. Na4 Nd7 18. Qc3 Rcd8
19. Bf1) 15. cxd6 Bxd6 16. dxe5 ({A bit more precise was to take Bishop pair} 
16. Qd2 Qb6 17. dxe5 Bxe5 18. Nxe5 Nxe5 19. Ne2 c5 20. f3) 16... Nxe5 17. Nd4 (
17. Nxe5 Bxe5 18. f4 Bxc3 19. Qxc3 c5 20. e5 Ne4 (20... Bxg2 21. Kxg2 (21. exf6
Bb7) 21... Ne4 (21... Qc6+ 22. Qf3 Ne4 23. Re1 f5 24. exf6 Nxf6) 22. Qf3 Qc6
23. Rd4 (23. Re1 f5 24. exf6 Nxf6 25. Qxc6 Rxc6 26. Bxf6 (26. Rxe8+ Nxe8) 26...
Rxe1 27. Rxe1 gxf6) 23... f5 24. exf6 Nxf6) 21. Qe3) 17... Bc5 18. h3 Bb6 ({
Black had to satisfy with slightly worse position} 18... Bxd4 19. Rxd4 c5 20.
Nd5 Bxd5 21. exd5 Qd6 22. Ba3 Ned7 23. Rdd1) 19. Nf5 Re6 20. Qd2 ({White could
limit maximally Black counterplay} 20. Ba3 Ng6 21. Bd6 Qd8 22. b4) 20... Qb8
21. Ne2 Rd8 ({Not better was} 21... Ng6 22. Ned4 Nxe4 23. Qc2 Bxd4 24. Nxd4)
22. Qg5 ({Very tempting could be} 22. Ned4 $1 c5 23. Qg5) 22... Ne8 23. Nf4 f6
({Even worse} 23... h6 24. Nxh6+ Rxh6 25. Bxe5) 24. Qh5 ({White did not want
to win faster..} 24. Nh6+ Kh8 25. Nxe6 Rxd1+ 26. Rxd1 fxg5 27. Bxe5) 24... Nc7
(24... g6 25. Qh6 Nf7 26. Nxe6 Nxh6 27. Nxh6+ Kh8 28. Nf7+ Kg8 29. Nfxd8) 25.
Nxe6 Nxe6 26. Rxd8+ Qxd8 27. Rd1 Qf8 28. Bxe5 fxe5 29. Rd7 1-0

[Event "Zalakaros op 35th"]
[Site "Zalakaros"]
[Date "2016.06.03"]
[Round "8"]
[White "Ivanisevic, Ivan"]
[Black "Rakhmanov, Alexander"]
[Result "1-0"]
[WhiteElo "2646"]
[BlackElo "2654"]
[Annotator "Narayanan,Srinath"]
[PlyCount "75"]
[EventDate "2016.05.27"]
[EventType "swiss"]
[EventRounds "9"]
[EventCountry "HUN"]
[SourceTitle "CBM 172 Extra"]
[Source "ChessBase"]
[SourceDate "2016.06.21"]
[SourceVersion "1"]
[SourceVersionDate "2016.06.21"]
[SourceQuality "1"]

1. d4 Nf6 2. c4 d6 3. Nc3 e5 4. Nf3 e4 5. Nd2 Bf5 6. e3 c6 7. Be2 d5 {A rare
line with not that many games played. Black has built up a center. However, it
isn't that stable and logically, White goes after it.} 8. g4 Be6 9. g5 Nfd7 10.
Qb3 {[%csl Gd5,Ge4]} Qb6 $2 (10... Na6 $142 $1 11. Qxb7 (11. cxd5 cxd5 12. f3
Nb4 $15) 11... Nb4) 11. cxd5 cxd5 12. f3 Qxb3 13. Nxb3 exf3 14. Bxf3 {Now
Black has huge problems defending his center. As a consequence, he has to give
up one of his bishops.} Bb4 (14... Nb6 15. e4 Bb4 16. O-O dxe4 (16... Bxc3 17.
bxc3 {transposes to the game.}) 17. Bxe4 Bxb3 18. axb3 Nc6 19. d5 Ne5 20. Bf4
$16) 15. O-O Bxc3 16. bxc3 Nc6 17. e4 dxe4 18. Bxe4 Bc4 19. Bxc6 $5 {One of
the biggest advantages of having pair of bishops - transformation of advantage.
By force, the White knight from b3 reaches d6, and that position is just
better and dominating for White.} bxc6 20. Re1+ Be6 21. Na5 Rc8 $6 (21... O-O
22. Nxc6 Kh8 {may've been an alternative, trying to rein down the central
pasers with blockade on the light squares.}) 22. Nb7 Rb8 23. Nd6+ Kd8 24. Bf4
$16 {White has a huge strategic advantage now. The rest is a matter of
technique.} Rf8 25. c4 Rb4 26. a4 h6 27. g6 Rb2 28. a5 fxg6 29. Bc1 Rbf2 30.
Ba3 Bh3 31. Nb7+ Kc7 32. Bxf8 Rxf8 33. Ra3 Bg4 34. a6 Rf4 35. d5 Nf6 36. d6+
Kc8 37. Re7 Bd7 38. Nc5 1-0

[Event "URS-chT Cup 09th"]
[Site "Tbilisi"]
[Date "1976.04.15"]
[Round "1"]
[White "Romanishin, Oleg M"]
[Black "Bronstein, David Ionovich"]
[Result "1-0"]
[WhiteElo "2560"]
[BlackElo "2540"]
[Annotator "O'Kelly de Galway,A"]
[PlyCount "59"]
[EventDate "1976.04.15"]
[EventType "team-tourn"]
[EventRounds "7"]
[EventCountry "URS"]
[SourceTitle "EXT 2017"]
[Source "ChessBase"]
[SourceDate "2016.10.25"]
[SourceVersion "1"]
[SourceVersionDate "2016.10.25"]
[SourceQuality "1"]
[WhiteTeam "Avangard"]
[BlackTeam "Dinamo Moscow"]
[WhiteTeamCountry "URS"]
[BlackTeamCountry "RUS"]

1. c4 e5 2. Nc3 Nf6 3. Nf3 d6 4. d4 Nfd7 $6 (4... Nbd7) 5. e4 Be7 6. Be2 O-O 7.
O-O c6 8. Be3 a6 9. Rc1 b5 10. cxb5 axb5 11. a3 {[%csl Rb5][%cal Gd4d5] Les
Blancs menaçent la poussée d4d5 qui rendra très vulnérable le P b5 (EE12/
1976)} Bb7 12. d5 Ra5 13. dxc6 Bxc6 14. Nd5 Bxd5 15. Qxd5 b4 16. Qb7 bxa3 17.
b4 Ra4 18. Bd1 Ra6 19. b5 Ra5 20. Bd2 Bf6 21. Bxa5 Qxa5 22. Qd5 Nc5 23. Be2 Be7
24. Nd2 Qa4 25. Nc4 a2 26. Ra1 Qxb5 27. Rxa2 Qd7 28. Rd1 Rd8 29. Ra8 g6 30.
Rxb8 1-0